| 000 | 00605cam a22001697a 4500 | ||
|---|---|---|---|
| 008 | 180718b2005 xxu||||| |||| 00| 0 eng d | ||
| 020 | _a0821363808 | ||
| 082 | _aB3096x5 M989 | ||
| 100 | _aMuzzini, Elisa | ||
| 245 |
_aConsumer participation in infrastructure regulation: evidence from the East Asia and Pacific region _cby Elisa Muzzini |
||
| 260 |
_aWashington, D.C. _bWorld Bank _c2005 |
||
| 300 | _a51p. | ||
| 440 | _aWorld Bank working paper; no. 66 | ||
| 650 | _aInfrastructure (Economics) - East Asia | ||
| 650 | _aConsumer protection - Pacific Area | ||
| 650 | _aConsumer protection - East Asia | ||
| 999 |
_c293008 _d293008 |
||